|
|
|
|
| LEADER |
00000nam a2200000 a 4500 |
| 001 |
vtls011751168 |
| 003 |
SK-MaSNL |
| 005 |
20260301183055.0 |
| 008 |
251112s1606 gw 001 0 lat |
| 015 |
|
|
|a SNBHFA1606
|
| 040 |
|
|
|a SNKHF
|b slo
|c SNK
|e AACR2
|
| 041 |
0 |
|
|a lat
|
| 044 |
|
|
|a gw
|c DE
|
| 072 |
|
7 |
|a 2
|x Náboženstvo
|2 konspekt
|
| 072 |
|
7 |
|a 27
|x Kresťanstvo. Kresťanská cirkev všeobecne. Ekleziológia
|2 konspekt
|
| 080 |
|
|
|a 21/29-1/-9
|2 2011
|
| 080 |
|
|
|a 27
|2 2011
|
| 080 |
|
|
|a 274/279-1
|2 2011
|
| 080 |
|
|
|a 316.776
|2 2001
|
| 080 |
|
|
|a 27-42
|2 2001
|
| 100 |
1 |
|
|a Hutter, Leonhard,
|d 1563-1616
|4 aut
|9 170587
|
| 245 |
1 |
0 |
|a Dispvtatio Theologica IIII. De Perfectione Scripturae, Qvod Eacontineat Omniae, 'Qviae Ad Fidei Morvmqve Informationem pertinere videntur
|c Reverdi & clarissimi viri, Dn. Leonharti Hutteri S. Theol. D. & Professoris ; M. Balthasar Meisnervs
|
| 260 |
|
|
|a Vvitebergae
|b Typis Cratonianis per Iohann. Gorman
|c Anno M. DC. VI. [=1606]
|
| 300 |
|
|
|a [16] strán
|c 21 cm
|
| 500 |
|
|
|a Typografické linky, vineta, iniciálka na 6. r s ornamentálnym pozadím, text sa nachádza v ráme, kustódy
|
| 501 |
|
|
|a Príväzok 4. k: HUTTER, Leonhard. Controversia I. Generalis De Verbo Dei Scripto, Et Traditionibus Non-Scriptis ; In Disputationes X. distributa, & in Illustri Academia Witebergensi, privatarum exercitationum gratia, ad disputandum proposita. Witebergae : Typis Cratonianis per Iohan. Gorman., 1606.
|5 SNK IC 143989
|
| 504 |
|
|
|a Tlačené marginálie
|
| 508 |
|
|
|a Dedikácia: Dn. Casparo á Schőnberg ; Dn. Christophoro á Loss
|
| 546 |
|
|
|a Latinčina
|b Antikva
|b Kurzíva
|
| 561 |
|
|
|a Z knižnice Učenej spoločnosti malohontskej.
|5 SNK IC 143989/prív.4
|
| 563 |
|
|
|a Pergamenová väzba, uvoľnené viazanie.
|5 SNK IC 143989/prív.4
|
| 650 |
0 |
7 |
|a evanjelická teológia
|2 SNKPH
|9 4016
|
| 650 |
0 |
7 |
|a dišputy
|2 SNKPH
|9 112339
|
| 650 |
0 |
7 |
|a kresťanská morálka
|2 SNKPH
|9 4269
|
| 700 |
1 |
|
|a Loß, Christoph von,
|d 1545-1609
|4 hnr
|9 557836
|
| 700 |
1 |
|
|a Schönberg, Caspar von
|4 hnr
|9 557837
|
| 700 |
1 |
|
|a Gormann, Johann,
|d zomrel 1628
|4 prt
|9 177129
|
| 700 |
1 |
|
|a Meisner, Balthasar,
|d 1587-1626
|4 dis
|9 296837
|
| 710 |
2 |
|
|a Učená spoločnosť malohontská
|4 fmo
|9 205374
|
| 710 |
0 |
|
|a Krafft, Johann mladší (Wittenberg, Nemecko),
|d 1590-1614
|4 prt
|9 183529
|
| 752 |
|
|
|a Nemecko
|d Wittenberg
|
| 852 |
|
|
|a snk
|b Historické fondy
|p IC 143989/prív.4
|
| 958 |
|
|
|a ONDV
|
| 999 |
|
|
|c 855773
|d 857703
|
| 952 |
|
|
|t MHC II.B.e.XV
|a SNK
|b SNK
|c SNK_HF
|y PREZ
|7 0
|p 17A1300458
|o snkIC 143989/prív.4
|i snk2018/8617
|8 5
|0 0
|1 0
|4 0
|d 2018-04-16
|f 2
|l 0
|r 2026-02-24 04:55:48
|w 2026-02-24
|